[Event "Maringa op 1st"]
[Site "Maringa"]
[Date "2024.07.27"]
[Round "2"]
[White "Correa, Valmir Antonio"]
[Black "Shirabe, Gustavo Tsuyoshi Ha"]
[Result "1-0"]
[WhiteElo "1800"]
[BlackElo "1800"]
[PlyCount "47"]
[EventDate "2024.07.26"]
[EventType "swiss"]
[EventRounds "6"]
[EventCountry "BRA"]
[SourceTitle "CBM 221 Extra"]
[Source "ChessBase"]
[SourceDate "2024.09.30"]
[SourceVersion "1"]
[SourceVersionDate "2024.09.30"]
[SourceQuality "1"]

1. c4 c6 2. Nc3 Nf6 3. e4 e5 4. Nf3 d6 5. h3 Be6 6. d4 Nbd7 7. d5 Nc5 8. dxe6 Nxe6 9. Bd3 Be7 10. Be3 0-0 11. a3 d5 12. cxd5 cxd5 13. exd5 Nxd5 14. Nxd5 Qd6 15. Nxe7+ Qxe7 16. Qe2 a6 17. 0-0 Rfe8 18. b4 Nc7 19. Bxh7+ Kxh7 20. Ng5+ Kg8 21. Qh5 Qf6 22. Qh7+ Kf8 23. Bc5+ Re7 24. Qh8# 1-0

[Event "Maringa op 1st"]
[Site "Maringa"]
[Date "2024.07.27"]
[Round "4"]
[White "Fonseca, Guilherme"]
[Black "Shirabe, Gustavo Tsuyoshi Ha"]
[Result "1-0"]
[WhiteElo "1761"]
[BlackElo "1800"]
[PlyCount "129"]
[EventDate "2024.07.26"]
[EventType "swiss"]
[EventRounds "6"]
[EventCountry "BRA"]
[SourceTitle "CBM 221 Extra"]
[Source "ChessBase"]
[SourceDate "2024.09.30"]
[SourceVersion "1"]
[SourceVersionDate "2024.09.30"]
[SourceQuality "1"]

1. c4 Nf6 2. Nf3 e6 3. g3 d5 4. Bg2 Be7 5. 0-0 0-0 6. b3 c6 7. Bb2 Qb6 8. Qc2 Nbd7 9. d4 c5 10. Nbd2 cxd4 11. Nxd4 Bc5 12. e3 a6 13. h3 Qd6 14. cxd5 exd5 15. N2f3 Ne5 16. Nxe5 Bb6 17. Nef3 Bd7 18. a4 Rac8 19. Qd3 Be6 20. Nxe6 fxe6 21. Ba3 Bc5 22. Bxc5 Qxc5 23. Nd4 Qd6 24. Rac1 Rcd8 25. Rc3 g6 26. Rfc1 e5 27. Ne2 e4 28. Qd2 Qe6 29. Nd4 Qd7 30. Rc7 Qe8 31. Rxb7 Rd7 32. Rcc7 Rff7 33. Rxd7 Rxd7 34. Rxd7 Qxd7 35. Qc3 Ne8 36. Qc6 Qxc6 37. Nxc6 Nd6 38. Bf1 Nb7 39. Ne7+ Kf7 40. Nxd5 Nc5 41. Nc3 Nxb3 42. Bc4+ Kf6 43. Bxb3 Ke5 44. Bd5 Kd6 45. Bxe4 Kc5 46. Bb7 a5 47. Ne4+ Kb4 48. Bc6 Kc4 49. Nf6 Kc5 50. Bb5 h6 51. e4 Kd4 52. f4 g5 53. e5 Kc5 54. Nd7+ Kd5 55. Bc4+ Kxc4 56. e6 Kb4 57. e7 Kxa4 58. e8Q Kb4 59. Nb6 Kc5 60. Na4+ Kb4 61. Qc6 Kb3 62. Nb6 Kb4 63. Qc4+ Ka3 64. Qc3+ Ka2 65. Nc4 1-0